| 000 | 01352nam a2200289 i 4500 | ||
|---|---|---|---|
| 003 | EG-ScBUE | ||
| 005 | 20230920101726.0 | ||
| 008 | 100715s1990 u f b 000 0 ara d | ||
| 017 | _a1990 / 2866 | ||
| 040 |
_aEG-ScBUE _bara _erda _cEG-ScBUE _dEG-ScBUE |
||
| 082 | 0 | 4 |
_222 _a909.097616 _bع ب د |
| 100 | 1 |
_916313 _aعبد الآخر ، أبو الوفا أحمد، _eمؤلف. |
|
| 245 | 1 | 2 |
_aالتآمر على التاريخ الإسلامي / _cتأليف الدكتور أبو الوفا أحمد عبد الآخر ؛ حققه وراجعه وقدم له الدكتور محمد كامل البنا. |
| 250 | _aالطبعة الأولى. | ||
| 264 | 1 |
_aالقاهرة : _b[أبو الوفا أحمد عبد الآخر]، _c1990. |
|
| 300 |
_a222 صفحة ؛ _c24 سم. |
||
| 336 |
_2rdacontent _aنص _btxt |
||
| 337 |
_2rdamedia _aبدون وسيط _bn |
||
| 338 |
_2rdacarrier _aمجلد _bnc |
||
| 490 |
_aسلسلة المعارف من منظور إسلامي ؛ _vالكتاب الأول |
||
| 504 | _aيشتمل على إرجاعات ببليوجرافية. | ||
| 541 |
_aدكتور علاء عبد الغني ؛ _cإهداء ؛ |
||
| 650 | 7 |
_916244 _aالتاريخ الإسلامي. _2BUEsh |
|
| 655 | _vReading book | ||
| 700 | 1 |
_916314 _aالبنا، محمد كامل، _eمحقق، _eمراجع، _eمقدم. |
|
| 942 |
_2ddc _cBB |
||
| 999 |
_c14484 _d14484 |
||